Oriental Journal of Computer Science and Technology (Record no. 10074)

MARC details
000 -LEADER
fixed length control field 00390nam a22001217a 4500
003 - CONTROL NUMBER IDENTIFIER
control field OSt
008 - FIXED-LENGTH DATA ELEMENTS--GENERAL INFORMATION
fixed length control field 201218b ||||| |||| 00| 0 eng d
245 ## - TITLE STATEMENT
Title Oriental Journal of Computer Science and Technology
250 ## - EDITION STATEMENT
Edition statement 2017(Mar Vol.10 No.1, Jun Vol.10 No.2)
260 ## - PUBLICATION, DISTRIBUTION, ETC. (IMPRINT)
Place of publication, distribution, etc Bhopal, M.P.
Name of publisher, distributor, etc Oriental Scientific Publishing Company
650 ## - SUBJECT ADDED ENTRY--TOPICAL TERM
Topical term or geographic name as entry element Bachelor of Computer Applications
942 ## - ADDED ENTRY ELEMENTS (KOHA)
Source of classification or shelving scheme Dewey Decimal Classification
Koha item type BOUND VOLUME
Holdings
Withdrawn status Lost status Source of classification or shelving scheme Materials specified (bound volume or other part) Damaged status Not for loan Collection code Home library Current library Date acquired Source of acquisition Serial Enumeration / chronologySerial Enumeration / Volume No. Total Checkouts Acc. no. / Barcode Date last seen Bill Date Koha item type
    Dewey Decimal Classification Bound Volume   Not For Loan BCA PIET C-LIBRARY PIET C-LIBRARY 21/12/2020 Oriental Scientific Publishing Company 2017(Mar Vol.10 No.1, Jun Vol.10 No.2)   BV814 21/12/2020 09/01/2017 BOUND VOLUME

Design & Developed by: PIET Central Library
R70 Miles Stone Pattikalyana Samalkha Panipat 132102
mail ID :- [email protected], Phone No:- 0180-2569700 Ex.216